01111nam a2200277 a 4500001001900000003000400019005001700023008004100040015001600081017004600097020001500143035002500158035002100183040002300204043001200227080002300239100002400262245015100286260014100437300003300578490002300611504002800634650006100662650005300723830005700776991001966789706706OSt20240523165709.0910429s1988 spcab || 000 ||spa  aLL19912bnc aDL B. 16230-1988bBiblioteca de Catalunya a8476580916 a(ES-BaCBU).b1043284x a(OCoLC)801930197 aES-BaBCbcatcCDMR ae-ur--- a621.039(477)"1986"1 aVilanova, Santiago,10aChernobil: el fin del mito nuclear :bel impacto informativo y biológico del mayor accidente de la industria electronuclear /cSantiago Vilanova aBarcelona :bAnthropos :bServicio Editorial. Universidad del País Vasco = Argitarapen Zerbitzua. Euskal Herriko Unibertsitatea,c1988 a276 p. :bil., map. ;c20 cm1 aNueva ciencia ;v3 aBibliografia p. 251-254 7aTxernòbil, Accident Nuclear de, Ucraïna, 19862lemac 0aMitjans de comunicació de massa i medi ambient 0aNueva ciencia (Anthropos, Editorial del Hombre) ;v3